<?xml version="1.0" encoding="UTF-8"?>
<collection xmlns="http://www.loc.gov/MARC21/slim">
 <record>
  <leader>13534nas a22014411  4500</leader>
  <controlfield tag="001">1/50381</controlfield>
  <controlfield tag="008">020404c20009999gw mrzp       0   a0ger d</controlfield>
  <datafield tag="022" ind1=" " ind2=" ">
   <subfield code="a">1430-175X</subfield>
  </datafield>
  <datafield tag="035" ind1=" " ind2=" ">
   <subfield code="l">24478</subfield>
  </datafield>
  <datafield tag="040" ind1=" " ind2=" ">
   <subfield code="a">GR-PeUP</subfield>
  </datafield>
  <datafield tag="090" ind1=" " ind2=" ">
   <subfield code="a">Αλφαβητική σειρά</subfield>
  </datafield>
  <datafield tag="130" ind1="0" ind2=" ">
   <subfield code="a">Internationale Politik (Bonn, Germany : 1995)</subfield>
  </datafield>
  <datafield tag="245" ind1="1" ind2="0">
   <subfield code="a">Internationale Politik</subfield>
  </datafield>
  <datafield tag="246" ind1="1" ind2="3">
   <subfield code="a">IP</subfield>
  </datafield>
  <datafield tag="260" ind1=" " ind2=" ">
   <subfield code="a">Berlin :,</subfield>
   <subfield code="b">Deutsche Gesellschaft für Auswärtige Politik,</subfield>
   <subfield code="c">[1993]-</subfield>
  </datafield>
  <datafield tag="300" ind1=" " ind2=" ">
   <subfield code="a">v. :</subfield>
   <subfield code="b">ill. ;</subfield>
   <subfield code="c">26 cm.</subfield>
  </datafield>
  <datafield tag="310" ind1=" " ind2=" ">
   <subfield code="a">Bimonthly</subfield>
  </datafield>
  <datafield tag="362" ind1="0" ind2=" ">
   <subfield code="a">Vol.58, no.1(Jan. 2003)-</subfield>
  </datafield>
  <datafield tag="546" ind1=" " ind2=" ">
   <subfield code="a">German</subfield>
  </datafield>
  <datafield tag="650" ind1=" " ind2="4">
   <subfield code="a">World politics</subfield>
   <subfield code="y">(1989- )</subfield>
   <subfield code="v">Periodicals.</subfield>
  </datafield>
  <datafield tag="651" ind1=" " ind2="0">
   <subfield code="a">Europe</subfield>
   <subfield code="x">Politics and government</subfield>
   <subfield code="y">1989-</subfield>
   <subfield code="v">Periodicals.</subfield>
  </datafield>
  <datafield tag="710" ind1="2" ind2=" ">
   <subfield code="a">Deutsche Gesellschaft fόr Auswdrtige Politik.</subfield>
  </datafield>
  <datafield tag="852" ind1=" " ind2=" ">
   <subfield code="a">INST</subfield>
   <subfield code="b">UNIPILB</subfield>
   <subfield code="c">SERIALS</subfield>
   <subfield code="e">20041123</subfield>
   <subfield code="h">Αλφαβητική σειρά</subfield>
   <subfield code="p">37881</subfield>
   <subfield code="q">37881</subfield>
   <subfield code="t">NOLOAN</subfield>
   <subfield code="v">vol.58;no.1:(Μήνας)January;(Έτος)2003</subfield>
   <subfield code="y">23</subfield>
  </datafield>
  <datafield tag="852" ind1=" " ind2=" ">
   <subfield code="a">INST</subfield>
   <subfield code="b">UNIPILB</subfield>
   <subfield code="c">SERIALS</subfield>
   <subfield code="e">20041123</subfield>
   <subfield code="h">Αλφαβητική σειρά</subfield>
   <subfield code="p">37882</subfield>
   <subfield code="q">37882</subfield>
   <subfield code="t">NOLOAN</subfield>
   <subfield code="v">vol.58;no.2:(Μήνας)February;(Έτος)2003</subfield>
   <subfield code="y">23</subfield>
  </datafield>
  <datafield tag="852" ind1=" " ind2=" ">
   <subfield code="a">INST</subfield>
   <subfield code="b">UNIPILB</subfield>
   <subfield code="c">SERIALS</subfield>
   <subfield code="e">20041123</subfield>
   <subfield code="h">Αλφαβητική σειρά</subfield>
   <subfield code="p">37883</subfield>
   <subfield code="q">37883</subfield>
   <subfield code="t">NOLOAN</subfield>
   <subfield code="v">vol.58;no.3:(Μήνας)March;(Έτος)2003</subfield>
   <subfield code="y">23</subfield>
  </datafield>
  <datafield tag="852" ind1=" " ind2=" ">
   <subfield code="a">INST</subfield>
   <subfield code="b">UNIPILB</subfield>
   <subfield code="c">SERIALS</subfield>
   <subfield code="e">20041123</subfield>
   <subfield code="h">Αλφαβητική σειρά</subfield>
   <subfield code="p">37884</subfield>
   <subfield code="q">37884</subfield>
   <subfield code="t">NOLOAN</subfield>
   <subfield code="v">vol.58;no.4:(Μήνας)April;(Έτος)2003</subfield>
   <subfield code="y">23</subfield>
  </datafield>
  <datafield tag="852" ind1=" " ind2=" ">
   <subfield code="a">INST</subfield>
   <subfield code="b">UNIPILB</subfield>
   <subfield code="c">SERIALS</subfield>
   <subfield code="e">20041123</subfield>
   <subfield code="h">Αλφαβητική σειρά</subfield>
   <subfield code="p">37885</subfield>
   <subfield code="q">37885</subfield>
   <subfield code="t">NOLOAN</subfield>
   <subfield code="v">vol.58;no.5:(Μήνας)May;(Έτος)2003</subfield>
   <subfield code="y">23</subfield>
  </datafield>
  <datafield tag="852" ind1=" " ind2=" ">
   <subfield code="a">INST</subfield>
   <subfield code="b">UNIPILB</subfield>
   <subfield code="c">SERIALS</subfield>
   <subfield code="e">20041123</subfield>
   <subfield code="h">Αλφαβητική σειρά</subfield>
   <subfield code="p">37886</subfield>
   <subfield code="q">37886</subfield>
   <subfield code="t">NOLOAN</subfield>
   <subfield code="v">vol.58;no.6:(Μήνας)June;(Έτος)2003</subfield>
   <subfield code="y">23</subfield>
  </datafield>
  <datafield tag="852" ind1=" " ind2=" ">
   <subfield code="a">INST</subfield>
   <subfield code="b">UNIPILB</subfield>
   <subfield code="c">SERIALS</subfield>
   <subfield code="e">20041123</subfield>
   <subfield code="h">Αλφαβητική σειρά</subfield>
   <subfield code="p">37887</subfield>
   <subfield code="q">37887</subfield>
   <subfield code="t">NOLOAN</subfield>
   <subfield code="v">vol.58;no.7:(Μήνας)July;(Έτος)2003</subfield>
   <subfield code="y">23</subfield>
  </datafield>
  <datafield tag="852" ind1=" " ind2=" ">
   <subfield code="a">INST</subfield>
   <subfield code="b">UNIPILB</subfield>
   <subfield code="c">SERIALS</subfield>
   <subfield code="e">20041123</subfield>
   <subfield code="h">Αλφαβητική σειρά</subfield>
   <subfield code="p">37888</subfield>
   <subfield code="q">37888</subfield>
   <subfield code="t">NOLOAN</subfield>
   <subfield code="v">vol.58;no.8:(Μήνας)August;(Έτος)2003</subfield>
   <subfield code="y">23</subfield>
  </datafield>
  <datafield tag="852" ind1=" " ind2=" ">
   <subfield code="a">INST</subfield>
   <subfield code="b">UNIPILB</subfield>
   <subfield code="c">SERIALS</subfield>
   <subfield code="e">20041123</subfield>
   <subfield code="h">Αλφαβητική σειρά</subfield>
   <subfield code="p">37889</subfield>
   <subfield code="q">37889</subfield>
   <subfield code="t">NOLOAN</subfield>
   <subfield code="v">vol.58;no.9:(Μήνας)September;(Έτος)2003</subfield>
   <subfield code="y">23</subfield>
  </datafield>
  <datafield tag="852" ind1=" " ind2=" ">
   <subfield code="a">INST</subfield>
   <subfield code="b">UNIPILB</subfield>
   <subfield code="c">SERIALS</subfield>
   <subfield code="e">20041123</subfield>
   <subfield code="h">Αλφαβητική σειρά</subfield>
   <subfield code="p">37890</subfield>
   <subfield code="q">37890</subfield>
   <subfield code="t">NOLOAN</subfield>
   <subfield code="v">vol.58;no.10:(Μήνας)October;(Έτος)2003</subfield>
   <subfield code="y">23</subfield>
  </datafield>
  <datafield tag="852" ind1=" " ind2=" ">
   <subfield code="a">INST</subfield>
   <subfield code="b">UNIPILB</subfield>
   <subfield code="c">SERIALS</subfield>
   <subfield code="e">20041123</subfield>
   <subfield code="h">Αλφαβητική σειρά</subfield>
   <subfield code="p">37891</subfield>
   <subfield code="q">37891</subfield>
   <subfield code="t">NOLOAN</subfield>
   <subfield code="v">vol.58;no.11:(Μήνας)November;(Έτος)2003</subfield>
   <subfield code="y">23</subfield>
  </datafield>
  <datafield tag="852" ind1=" " ind2=" ">
   <subfield code="a">INST</subfield>
   <subfield code="b">UNIPILB</subfield>
   <subfield code="c">SERIALS</subfield>
   <subfield code="e">20041123</subfield>
   <subfield code="h">Αλφαβητική σειρά</subfield>
   <subfield code="p">37892</subfield>
   <subfield code="q">37892</subfield>
   <subfield code="t">NOLOAN</subfield>
   <subfield code="v">vol.58;no.12:(Μήνας)December;(Έτος)2003</subfield>
   <subfield code="y">23</subfield>
  </datafield>
  <datafield tag="852" ind1=" " ind2=" ">
   <subfield code="a">INST</subfield>
   <subfield code="b">UNIPILB</subfield>
   <subfield code="c">SERIALS</subfield>
   <subfield code="e">20050112</subfield>
   <subfield code="h">Αλφαβητική σειρά</subfield>
   <subfield code="p">38752</subfield>
   <subfield code="q">38752</subfield>
   <subfield code="t">NOLOAN</subfield>
   <subfield code="v">vol.59;no.1:(Μήνας)January;(Έτος)2004</subfield>
   <subfield code="y">23</subfield>
  </datafield>
  <datafield tag="852" ind1=" " ind2=" ">
   <subfield code="a">INST</subfield>
   <subfield code="b">UNIPILB</subfield>
   <subfield code="c">SERIALS</subfield>
   <subfield code="e">20050112</subfield>
   <subfield code="h">Αλφαβητική σειρά</subfield>
   <subfield code="p">38753</subfield>
   <subfield code="q">38753</subfield>
   <subfield code="t">NOLOAN</subfield>
   <subfield code="v">vol.59;no.2:(Μήνας)February;(Έτος)2004</subfield>
   <subfield code="y">23</subfield>
  </datafield>
  <datafield tag="852" ind1=" " ind2=" ">
   <subfield code="a">INST</subfield>
   <subfield code="b">UNIPILB</subfield>
   <subfield code="c">SERIALS</subfield>
   <subfield code="e">20050112</subfield>
   <subfield code="h">Αλφαβητική σειρά</subfield>
   <subfield code="p">38754</subfield>
   <subfield code="q">38754</subfield>
   <subfield code="t">NOLOAN</subfield>
   <subfield code="v">vol.59;no.3:(Μήνας)March;(Έτος)2004</subfield>
   <subfield code="y">23</subfield>
  </datafield>
  <datafield tag="852" ind1=" " ind2=" ">
   <subfield code="a">INST</subfield>
   <subfield code="b">UNIPILB</subfield>
   <subfield code="c">SERIALS</subfield>
   <subfield code="e">20050112</subfield>
   <subfield code="h">Αλφαβητική σειρά</subfield>
   <subfield code="p">38755</subfield>
   <subfield code="q">38755</subfield>
   <subfield code="t">NOLOAN</subfield>
   <subfield code="v">vol.59;no.4:(Μήνας)April;(Έτος)2004</subfield>
   <subfield code="y">23</subfield>
  </datafield>
  <datafield tag="852" ind1=" " ind2=" ">
   <subfield code="a">INST</subfield>
   <subfield code="b">UNIPILB</subfield>
   <subfield code="c">SERIALS</subfield>
   <subfield code="e">20050112</subfield>
   <subfield code="h">Αλφαβητική σειρά</subfield>
   <subfield code="p">38756</subfield>
   <subfield code="q">38756</subfield>
   <subfield code="t">NOLOAN</subfield>
   <subfield code="v">vol.59;no.5:(Μήνας)May;(Έτος)2004</subfield>
   <subfield code="y">23</subfield>
  </datafield>
  <datafield tag="852" ind1=" " ind2=" ">
   <subfield code="a">INST</subfield>
   <subfield code="b">UNIPILB</subfield>
   <subfield code="c">SERIALS</subfield>
   <subfield code="e">20050112</subfield>
   <subfield code="h">Αλφαβητική σειρά</subfield>
   <subfield code="p">38757</subfield>
   <subfield code="q">38757</subfield>
   <subfield code="t">NOLOAN</subfield>
   <subfield code="v">vol.59;no.6:(Μήνας)June;(Έτος)2004</subfield>
   <subfield code="y">23</subfield>
  </datafield>
  <datafield tag="852" ind1=" " ind2=" ">
   <subfield code="a">INST</subfield>
   <subfield code="b">UNIPILB</subfield>
   <subfield code="c">SERIALS</subfield>
   <subfield code="e">20050112</subfield>
   <subfield code="h">Αλφαβητική σειρά</subfield>
   <subfield code="p">38758</subfield>
   <subfield code="q">38758</subfield>
   <subfield code="t">NOLOAN</subfield>
   <subfield code="v">vol.59;no.7:(Μήνας)July;(Έτος)2004</subfield>
   <subfield code="y">23</subfield>
  </datafield>
  <datafield tag="852" ind1=" " ind2=" ">
   <subfield code="a">INST</subfield>
   <subfield code="b">UNIPILB</subfield>
   <subfield code="c">SERIALS</subfield>
   <subfield code="e">20050112</subfield>
   <subfield code="h">Αλφαβητική σειρά</subfield>
   <subfield code="p">38759</subfield>
   <subfield code="q">38759</subfield>
   <subfield code="t">NOLOAN</subfield>
   <subfield code="v">vol.59;no.8:(Μήνας)August;(Έτος)2004</subfield>
   <subfield code="y">23</subfield>
  </datafield>
  <datafield tag="852" ind1=" " ind2=" ">
   <subfield code="a">INST</subfield>
   <subfield code="b">UNIPILB</subfield>
   <subfield code="c">SERIALS</subfield>
   <subfield code="e">20050112</subfield>
   <subfield code="h">Αλφαβητική σειρά</subfield>
   <subfield code="p">38760</subfield>
   <subfield code="q">38760</subfield>
   <subfield code="t">NOLOAN</subfield>
   <subfield code="v">vol.59;no.9:(Μήνας)September;(Έτος)2004</subfield>
   <subfield code="y">23</subfield>
  </datafield>
  <datafield tag="852" ind1=" " ind2=" ">
   <subfield code="a">INST</subfield>
   <subfield code="b">UNIPILB</subfield>
   <subfield code="c">SERIALS</subfield>
   <subfield code="e">20050112</subfield>
   <subfield code="h">Αλφαβητική σειρά</subfield>
   <subfield code="p">38761</subfield>
   <subfield code="q">38761</subfield>
   <subfield code="t">NOLOAN</subfield>
   <subfield code="v">vol.59;no.10:(Μήνας)October;(Έτος)2004</subfield>
   <subfield code="y">23</subfield>
  </datafield>
  <datafield tag="852" ind1=" " ind2=" ">
   <subfield code="a">INST</subfield>
   <subfield code="b">UNIPILB</subfield>
   <subfield code="c">SERIALS</subfield>
   <subfield code="e">20050125</subfield>
   <subfield code="h">Αλφαβητική σειρά</subfield>
   <subfield code="p">39271</subfield>
   <subfield code="q">39271</subfield>
   <subfield code="t">NOLOAN</subfield>
   <subfield code="v">vol.59;no.11-12:(Μήνες)Nov.-Dec.;(Έτος)2004</subfield>
   <subfield code="y">23</subfield>
  </datafield>
  <datafield tag="852" ind1=" " ind2=" ">
   <subfield code="a">INST</subfield>
   <subfield code="b">UNIPILB</subfield>
   <subfield code="c">SERIALS</subfield>
   <subfield code="e">20070913</subfield>
   <subfield code="h">Αλφαβητική σειρά</subfield>
   <subfield code="p">56974</subfield>
   <subfield code="q">56974</subfield>
   <subfield code="t">NOLOAN</subfield>
   <subfield code="v">vol.61;no.1:(Μήνας)January;(Έτος)2006</subfield>
   <subfield code="y">23</subfield>
  </datafield>
  <datafield tag="852" ind1=" " ind2=" ">
   <subfield code="a">INST</subfield>
   <subfield code="b">UNIPILB</subfield>
   <subfield code="c">SERIALS</subfield>
   <subfield code="e">20070913</subfield>
   <subfield code="h">Αλφαβητική σειρά</subfield>
   <subfield code="p">56975</subfield>
   <subfield code="q">56975</subfield>
   <subfield code="t">NOLOAN</subfield>
   <subfield code="v">vol.61;no.2:(Μήνας)February;(Έτος)2006</subfield>
   <subfield code="y">23</subfield>
  </datafield>
  <datafield tag="852" ind1=" " ind2=" ">
   <subfield code="a">INST</subfield>
   <subfield code="b">UNIPILB</subfield>
   <subfield code="c">SERIALS</subfield>
   <subfield code="e">20070913</subfield>
   <subfield code="h">Αλφαβητική σειρά</subfield>
   <subfield code="p">56976</subfield>
   <subfield code="q">56976</subfield>
   <subfield code="t">NOLOAN</subfield>
   <subfield code="v">vol.61;no.3:(Μήνας)March;(Έτος)2006</subfield>
   <subfield code="y">23</subfield>
  </datafield>
  <datafield tag="852" ind1=" " ind2=" ">
   <subfield code="a">INST</subfield>
   <subfield code="b">UNIPILB</subfield>
   <subfield code="c">SERIALS</subfield>
   <subfield code="e">20070913</subfield>
   <subfield code="h">Αλφαβητική σειρά</subfield>
   <subfield code="p">56977</subfield>
   <subfield code="q">56977</subfield>
   <subfield code="t">NOLOAN</subfield>
   <subfield code="v">vol.61;no.4:(Μήνας)April;(Έτος)2006</subfield>
   <subfield code="y">23</subfield>
  </datafield>
  <datafield tag="852" ind1=" " ind2=" ">
   <subfield code="a">INST</subfield>
   <subfield code="b">UNIPILB</subfield>
   <subfield code="c">SERIALS</subfield>
   <subfield code="e">20091127</subfield>
   <subfield code="h">Αλφαβητική σειρά</subfield>
   <subfield code="p">65520</subfield>
   <subfield code="q">65520</subfield>
   <subfield code="t">NOLOAN</subfield>
   <subfield code="v">vol.64;no.11/12:(Μήνες)Nov./Dec.;(Έτος)2009</subfield>
   <subfield code="y">23</subfield>
  </datafield>
  <datafield tag="852" ind1=" " ind2=" ">
   <subfield code="a">INST</subfield>
   <subfield code="b">UNIPILB</subfield>
   <subfield code="c">SERIALS</subfield>
   <subfield code="e">20091211</subfield>
   <subfield code="h">Αλφαβητική σειρά</subfield>
   <subfield code="p">65813</subfield>
   <subfield code="q">65813</subfield>
   <subfield code="t">NOLOAN</subfield>
   <subfield code="v">vol.64;no.9/10:(Μήνες)Sept.-Oct.;(Έτος)2009</subfield>
   <subfield code="y">23</subfield>
  </datafield>
  <datafield tag="852" ind1=" " ind2=" ">
   <subfield code="a">INST</subfield>
   <subfield code="b">UNIPILB</subfield>
   <subfield code="c">SERIALS</subfield>
   <subfield code="e">20100127</subfield>
   <subfield code="h">Αλφαβητική σειρά</subfield>
   <subfield code="p">66428</subfield>
   <subfield code="q">66428</subfield>
   <subfield code="t">NOLOAN</subfield>
   <subfield code="v">vol.64;no.1:(Μήνας)January;(Έτος)2009</subfield>
   <subfield code="y">23</subfield>
  </datafield>
  <datafield tag="852" ind1=" " ind2=" ">
   <subfield code="a">INST</subfield>
   <subfield code="b">UNIPILB</subfield>
   <subfield code="c">SERIALS</subfield>
   <subfield code="e">20100127</subfield>
   <subfield code="h">Αλφαβητική σειρά</subfield>
   <subfield code="p">66429</subfield>
   <subfield code="q">66429</subfield>
   <subfield code="t">NOLOAN</subfield>
   <subfield code="v">vol.64;no.2:(Μήνας)February;(Έτος)2009</subfield>
   <subfield code="y">23</subfield>
  </datafield>
  <datafield tag="852" ind1=" " ind2=" ">
   <subfield code="a">INST</subfield>
   <subfield code="b">UNIPILB</subfield>
   <subfield code="c">SERIALS</subfield>
   <subfield code="e">20100127</subfield>
   <subfield code="h">Αλφαβητική σειρά</subfield>
   <subfield code="p">66430</subfield>
   <subfield code="q">66430</subfield>
   <subfield code="t">NOLOAN</subfield>
   <subfield code="v">vol.64;no.3:(Μήνας)March;(Έτος)2009</subfield>
   <subfield code="y">23</subfield>
  </datafield>
  <datafield tag="852" ind1=" " ind2=" ">
   <subfield code="a">INST</subfield>
   <subfield code="b">UNIPILB</subfield>
   <subfield code="c">SERIALS</subfield>
   <subfield code="e">20100129</subfield>
   <subfield code="h">Αλφαβητική σειρά</subfield>
   <subfield code="p">66505</subfield>
   <subfield code="q">66505</subfield>
   <subfield code="t">NOLOAN</subfield>
   <subfield code="v">vol.64;no.5:(Μήνας)May;(Έτος)2009</subfield>
   <subfield code="y">23</subfield>
  </datafield>
  <datafield tag="852" ind1=" " ind2=" ">
   <subfield code="a">INST</subfield>
   <subfield code="b">UNIPILB</subfield>
   <subfield code="c">SERIALS</subfield>
   <subfield code="e">20100129</subfield>
   <subfield code="h">Αλφαβητική σειρά</subfield>
   <subfield code="p">66506</subfield>
   <subfield code="q">66506</subfield>
   <subfield code="t">NOLOAN</subfield>
   <subfield code="v">vol.64;no.6:(Μήνας)June;(Έτος)2009</subfield>
   <subfield code="y">23</subfield>
  </datafield>
  <datafield tag="852" ind1=" " ind2=" ">
   <subfield code="a">INST</subfield>
   <subfield code="b">UNIPILB</subfield>
   <subfield code="c">SERIALS</subfield>
   <subfield code="e">20100129</subfield>
   <subfield code="h">Αλφαβητική σειρά</subfield>
   <subfield code="p">66507</subfield>
   <subfield code="q">66507</subfield>
   <subfield code="t">NOLOAN</subfield>
   <subfield code="v">vol.64;no.7/8:(Μήνες)Jul./Aug.;(Έτος)2009</subfield>
   <subfield code="y">23</subfield>
  </datafield>
  <datafield tag="852" ind1=" " ind2=" ">
   <subfield code="a">INST</subfield>
   <subfield code="b">UNIPILB</subfield>
   <subfield code="c">SERIALS</subfield>
   <subfield code="e">20100203</subfield>
   <subfield code="h">Αλφαβητική σειρά</subfield>
   <subfield code="p">66598</subfield>
   <subfield code="q">66598</subfield>
   <subfield code="t">NOLOAN</subfield>
   <subfield code="v">vol.64;no.4:(Μήνας)April;(Έτος)2009</subfield>
   <subfield code="y">23</subfield>
  </datafield>
  <datafield tag="852" ind1=" " ind2=" ">
   <subfield code="a">INST</subfield>
   <subfield code="b">UNIPILB</subfield>
   <subfield code="c">SERIALS</subfield>
   <subfield code="e">20101022</subfield>
   <subfield code="h">Αλφαβητική σειρά</subfield>
   <subfield code="p">70367</subfield>
   <subfield code="q">70367</subfield>
   <subfield code="t">NOLOAN</subfield>
   <subfield code="v">vol.65;no.5:(Μήνες)Sep./Oct.;(Έτος)2010</subfield>
   <subfield code="y">23</subfield>
  </datafield>
  <datafield tag="852" ind1=" " ind2=" ">
   <subfield code="a">INST</subfield>
   <subfield code="b">UNIPILB</subfield>
   <subfield code="c">SERIALS</subfield>
   <subfield code="e">20110404</subfield>
   <subfield code="h">Αλφαβητική σειρά</subfield>
   <subfield code="p">71538</subfield>
   <subfield code="q">71538</subfield>
   <subfield code="t">NOLOAN</subfield>
   <subfield code="v">vol.65;no.1:(Μήνες)Jan.-Feb.;(Έτος)2010</subfield>
   <subfield code="y">23</subfield>
  </datafield>
  <datafield tag="852" ind1=" " ind2=" ">
   <subfield code="a">INST</subfield>
   <subfield code="b">UNIPILB</subfield>
   <subfield code="c">SERIALS</subfield>
   <subfield code="e">20110404</subfield>
   <subfield code="h">Αλφαβητική σειρά</subfield>
   <subfield code="p">71539</subfield>
   <subfield code="q">71539</subfield>
   <subfield code="t">NOLOAN</subfield>
   <subfield code="v">vol.65;no.2:(Μήνες)Mar.-Apr.;(Έτος)2010</subfield>
   <subfield code="y">23</subfield>
  </datafield>
  <datafield tag="852" ind1=" " ind2=" ">
   <subfield code="a">INST</subfield>
   <subfield code="b">UNIPILB</subfield>
   <subfield code="c">SERIALS</subfield>
   <subfield code="e">20110404</subfield>
   <subfield code="h">Αλφαβητική σειρά</subfield>
   <subfield code="p">71540</subfield>
   <subfield code="q">71540</subfield>
   <subfield code="t">NOLOAN</subfield>
   <subfield code="v">vol.65;no.3:(Μήνες)May-Jun.;(Έτος)2010</subfield>
   <subfield code="y">23</subfield>
  </datafield>
  <datafield tag="852" ind1=" " ind2=" ">
   <subfield code="a">INST</subfield>
   <subfield code="b">UNIPILB</subfield>
   <subfield code="c">SERIALS</subfield>
   <subfield code="e">20110404</subfield>
   <subfield code="h">Αλφαβητική σειρά</subfield>
   <subfield code="p">71541</subfield>
   <subfield code="q">71541</subfield>
   <subfield code="t">NOLOAN</subfield>
   <subfield code="v">vol.65;no.4:(Μήνες)Jul.-Aug.;(Έτος)2010</subfield>
   <subfield code="y">23</subfield>
  </datafield>
  <datafield tag="852" ind1=" " ind2=" ">
   <subfield code="a">INST</subfield>
   <subfield code="b">UNIPILB</subfield>
   <subfield code="c">SERIALS</subfield>
   <subfield code="e">20110404</subfield>
   <subfield code="h">Αλφαβητική σειρά</subfield>
   <subfield code="p">71542</subfield>
   <subfield code="q">71542</subfield>
   <subfield code="t">NOLOAN</subfield>
   <subfield code="v">vol.65;no.6:(Μήνες)Nov.-Dec.;(Έτος)2010</subfield>
   <subfield code="y">23</subfield>
  </datafield>
  <datafield tag="852" ind1=" " ind2=" ">
   <subfield code="a">INST</subfield>
   <subfield code="b">UNIPILB</subfield>
   <subfield code="c">SERIALS</subfield>
   <subfield code="e">20111004</subfield>
   <subfield code="h">Αλφαβητική σειρά</subfield>
   <subfield code="p">72932</subfield>
   <subfield code="q">72932</subfield>
   <subfield code="t">NOLOAN</subfield>
   <subfield code="v">vol.66;no.1:(Μήνες)Jan.-Feb.;(Έτος)2011</subfield>
   <subfield code="y">23</subfield>
  </datafield>
  <datafield tag="852" ind1=" " ind2=" ">
   <subfield code="a">INST</subfield>
   <subfield code="b">UNIPILB</subfield>
   <subfield code="c">SERIALS</subfield>
   <subfield code="e">20111004</subfield>
   <subfield code="h">Αλφαβητική σειρά</subfield>
   <subfield code="p">72933</subfield>
   <subfield code="q">72933</subfield>
   <subfield code="t">NOLOAN</subfield>
   <subfield code="v">vol.66;no.2:(Μήνες)Mar.-Apr.;(Έτος)2011</subfield>
   <subfield code="y">23</subfield>
  </datafield>
  <datafield tag="852" ind1=" " ind2=" ">
   <subfield code="a">INST</subfield>
   <subfield code="b">UNIPILB</subfield>
   <subfield code="c">SERIALS</subfield>
   <subfield code="e">20111004</subfield>
   <subfield code="h">Αλφαβητική σειρά</subfield>
   <subfield code="p">72934</subfield>
   <subfield code="q">72934</subfield>
   <subfield code="t">NOLOAN</subfield>
   <subfield code="v">vol.66;no.3:(Μήνες)May-Jun.;(Έτος)2011</subfield>
   <subfield code="y">23</subfield>
  </datafield>
  <datafield tag="852" ind1=" " ind2=" ">
   <subfield code="a">INST</subfield>
   <subfield code="b">UNIPILB</subfield>
   <subfield code="c">SERIALS</subfield>
   <subfield code="e">20111004</subfield>
   <subfield code="h">Αλφαβητική σειρά</subfield>
   <subfield code="p">72935</subfield>
   <subfield code="q">72935</subfield>
   <subfield code="t">NOLOAN</subfield>
   <subfield code="v">vol.66;no.4:(Μήνες)Jul.-Aug.;(Έτος)2011</subfield>
   <subfield code="y">23</subfield>
  </datafield>
  <datafield tag="852" ind1=" " ind2=" ">
   <subfield code="a">INST</subfield>
   <subfield code="b">UNIPILB</subfield>
   <subfield code="c">SERIALS</subfield>
   <subfield code="e">20111004</subfield>
   <subfield code="h">Αλφαβητική σειρά</subfield>
   <subfield code="p">72937</subfield>
   <subfield code="q">72937</subfield>
   <subfield code="t">NOLOAN</subfield>
   <subfield code="v">vol.66;no.5:(Μήνες)Sep.-Oct.;(Έτος)2011</subfield>
   <subfield code="y">23</subfield>
  </datafield>
  <datafield tag="852" ind1=" " ind2=" ">
   <subfield code="a">INST</subfield>
   <subfield code="b">UNIPILB</subfield>
   <subfield code="c">SERIALS</subfield>
   <subfield code="e">20111124</subfield>
   <subfield code="h">Αλφαβητική σειρά</subfield>
   <subfield code="p">73533</subfield>
   <subfield code="q">73533</subfield>
   <subfield code="t">NOLOAN</subfield>
   <subfield code="v">vol.66;no.6:(Μήνες)Nov.-Dec.;(Έτος)2011</subfield>
   <subfield code="y">23</subfield>
  </datafield>
  <datafield tag="852" ind1=" " ind2=" ">
   <subfield code="a">INST</subfield>
   <subfield code="b">UNIPILB</subfield>
   <subfield code="c">SERIALS</subfield>
   <subfield code="e">20120518</subfield>
   <subfield code="h">Αλφαβητική σειρά</subfield>
   <subfield code="p">75496</subfield>
   <subfield code="q">75496</subfield>
   <subfield code="t">NOLOAN</subfield>
   <subfield code="v">vol.67;no.1:(Μήνες)Jan.-Feb.;(Έτος)2012</subfield>
   <subfield code="y">23</subfield>
  </datafield>
  <datafield tag="852" ind1=" " ind2=" ">
   <subfield code="a">INST</subfield>
   <subfield code="b">UNIPILB</subfield>
   <subfield code="c">SERIALS</subfield>
   <subfield code="e">20120518</subfield>
   <subfield code="h">Αλφαβητική σειρά</subfield>
   <subfield code="p">75497</subfield>
   <subfield code="q">75497</subfield>
   <subfield code="t">NOLOAN</subfield>
   <subfield code="v">vol.67;no.2:(Μήνες)Mar.-Apr.;(Έτος)2012</subfield>
   <subfield code="y">23</subfield>
  </datafield>
  <datafield tag="852" ind1=" " ind2=" ">
   <subfield code="a">INST</subfield>
   <subfield code="b">UNIPILB</subfield>
   <subfield code="c">SERIALS</subfield>
   <subfield code="e">20120518</subfield>
   <subfield code="h">Αλφαβητική σειρά</subfield>
   <subfield code="p">75498</subfield>
   <subfield code="q">75498</subfield>
   <subfield code="t">NOLOAN</subfield>
   <subfield code="v">part.Agypten:(Μήνες)Mar.-Apr.;(Έτος)2012</subfield>
   <subfield code="y">23</subfield>
  </datafield>
  <datafield tag="852" ind1=" " ind2=" ">
   <subfield code="a">INST</subfield>
   <subfield code="b">UNIPILB</subfield>
   <subfield code="c">SERIALS</subfield>
   <subfield code="e">20120702</subfield>
   <subfield code="h">Αλφαβητική σειρά</subfield>
   <subfield code="p">75904</subfield>
   <subfield code="q">75904</subfield>
   <subfield code="t">NOLOAN</subfield>
   <subfield code="v">vol.67;no.3:(Μήνες)May-Jun.;(Έτος)2012</subfield>
   <subfield code="y">23</subfield>
  </datafield>
  <datafield tag="852" ind1=" " ind2=" ">
   <subfield code="a">INST</subfield>
   <subfield code="b">UNIPILB</subfield>
   <subfield code="c">SERIALS</subfield>
   <subfield code="e">20120730</subfield>
   <subfield code="h">Αλφαβητική σειρά</subfield>
   <subfield code="p">76244</subfield>
   <subfield code="q">76244</subfield>
   <subfield code="t">NOLOAN</subfield>
   <subfield code="v">vol.67;no.4:(Μήνες)Jul.-Aug.;(Έτος)2012</subfield>
   <subfield code="y">23</subfield>
  </datafield>
  <datafield tag="852" ind1=" " ind2=" ">
   <subfield code="a">INST</subfield>
   <subfield code="b">UNIPILB</subfield>
   <subfield code="c">SERIALS</subfield>
   <subfield code="e">20120730</subfield>
   <subfield code="h">Αλφαβητική σειρά</subfield>
   <subfield code="p">76245</subfield>
   <subfield code="q">76245</subfield>
   <subfield code="t">NOLOAN</subfield>
   <subfield code="v">vol.67 USA:(Μήνας)June;(Έτος)2012</subfield>
   <subfield code="y">23</subfield>
  </datafield>
  <datafield tag="852" ind1=" " ind2=" ">
   <subfield code="a">INST</subfield>
   <subfield code="b">UNIPILB</subfield>
   <subfield code="c">SERIALS</subfield>
   <subfield code="e">20121119</subfield>
   <subfield code="h">Αλφαβητική σειρά</subfield>
   <subfield code="p">77112</subfield>
   <subfield code="q">77112</subfield>
   <subfield code="t">NOLOAN</subfield>
   <subfield code="v">vol.67;no.6:(Μήνες)Nov.-Dec.;(Έτος)2012</subfield>
   <subfield code="y">23</subfield>
  </datafield>
  <datafield tag="852" ind1=" " ind2=" ">
   <subfield code="a">INST</subfield>
   <subfield code="b">UNIPILB</subfield>
   <subfield code="c">SERIALS</subfield>
   <subfield code="e">20121119</subfield>
   <subfield code="h">Αλφαβητική σειρά</subfield>
   <subfield code="p">77113</subfield>
   <subfield code="q">77113</subfield>
   <subfield code="t">NOLOAN</subfield>
   <subfield code="v">vol.67;no.6 INDONESIEN:(Μήνας)Nov.;(Έτος)2012</subfield>
   <subfield code="y">23</subfield>
  </datafield>
  <datafield tag="852" ind1=" " ind2=" ">
   <subfield code="a">INST</subfield>
   <subfield code="b">UNIPILB</subfield>
   <subfield code="c">SERIALS</subfield>
   <subfield code="e">20121203</subfield>
   <subfield code="h">Αλφαβητική σειρά</subfield>
   <subfield code="p">77242</subfield>
   <subfield code="q">77242</subfield>
   <subfield code="t">NOLOAN</subfield>
   <subfield code="v">vol.67;no.5 CHINA:(Μήνας)Sep.;(Έτος)2012</subfield>
   <subfield code="y">23</subfield>
  </datafield>
  <datafield tag="852" ind1=" " ind2=" ">
   <subfield code="a">INST</subfield>
   <subfield code="b">UNIPILB</subfield>
   <subfield code="c">SERIALS</subfield>
   <subfield code="e">20131203</subfield>
   <subfield code="h">Αλφαβητική σειρά</subfield>
   <subfield code="p">81556</subfield>
   <subfield code="q">81556</subfield>
   <subfield code="t">NOLOAN</subfield>
   <subfield code="v">vol.68;no.1:(Μήνες)Jan.-Feb.;(Έτος)2013</subfield>
   <subfield code="y">23</subfield>
  </datafield>
  <datafield tag="852" ind1=" " ind2=" ">
   <subfield code="a">INST</subfield>
   <subfield code="b">UNIPILB</subfield>
   <subfield code="c">SERIALS</subfield>
   <subfield code="e">20131203</subfield>
   <subfield code="h">Αλφαβητική σειρά</subfield>
   <subfield code="p">81557</subfield>
   <subfield code="q">81557</subfield>
   <subfield code="t">NOLOAN</subfield>
   <subfield code="v">vol.68;no.3:(Μήνες)May-Jun.;(Έτος)2013</subfield>
   <subfield code="y">23</subfield>
  </datafield>
  <datafield tag="852" ind1=" " ind2=" ">
   <subfield code="a">INST</subfield>
   <subfield code="b">UNIPILB</subfield>
   <subfield code="c">SERIALS</subfield>
   <subfield code="e">20131203</subfield>
   <subfield code="h">Αλφαβητική σειρά</subfield>
   <subfield code="p">81558</subfield>
   <subfield code="q">81558</subfield>
   <subfield code="t">NOLOAN</subfield>
   <subfield code="v">vol.68;no.5:(Μήνες)Sep.-Oct.;(Έτος)2013</subfield>
   <subfield code="y">23</subfield>
  </datafield>
  <datafield tag="852" ind1=" " ind2=" ">
   <subfield code="a">INST</subfield>
   <subfield code="b">UNIPILB</subfield>
   <subfield code="c">SERIALS</subfield>
   <subfield code="e">20131219</subfield>
   <subfield code="h">Αλφαβητική σειρά</subfield>
   <subfield code="p">81682</subfield>
   <subfield code="q">81682</subfield>
   <subfield code="t">NOLOAN</subfield>
   <subfield code="v">vol.68;no.6:(Μήνες)Nov.-Dec.;(Έτος)2013</subfield>
   <subfield code="y">23</subfield>
  </datafield>
  <datafield tag="852" ind1=" " ind2=" ">
   <subfield code="a">INST</subfield>
   <subfield code="b">UNIPILB</subfield>
   <subfield code="c">SERIALS</subfield>
   <subfield code="e">20131219</subfield>
   <subfield code="h">Αλφαβητική σειρά</subfield>
   <subfield code="p">81683</subfield>
   <subfield code="q">81683</subfield>
   <subfield code="t">NOLOAN</subfield>
   <subfield code="v">vol.68 TURKEI:(Μήνας)November;(Έτος)2013</subfield>
   <subfield code="y">23</subfield>
  </datafield>
  <datafield tag="852" ind1=" " ind2=" ">
   <subfield code="a">INST</subfield>
   <subfield code="b">UNIPILB</subfield>
   <subfield code="c">SERIALS</subfield>
   <subfield code="e">20140110</subfield>
   <subfield code="h">Αλφαβητική σειρά</subfield>
   <subfield code="p">81780</subfield>
   <subfield code="q">81780</subfield>
   <subfield code="t">NOLOAN</subfield>
   <subfield code="v">vol.68;no.4:(Μήνες)Jul.-Aug.;(Έτος)2013</subfield>
   <subfield code="y">23</subfield>
  </datafield>
  <datafield tag="852" ind1=" " ind2=" ">
   <subfield code="a">INST</subfield>
   <subfield code="b">UNIPILB</subfield>
   <subfield code="c">SERIALS</subfield>
   <subfield code="e">20140110</subfield>
   <subfield code="h">Αλφαβητική σειρά</subfield>
   <subfield code="p">81781</subfield>
   <subfield code="q">81781</subfield>
   <subfield code="t">NOLOAN</subfield>
   <subfield code="v">vol.68 BRASILIEN:(Μήνας)July;(Έτος)2013</subfield>
   <subfield code="y">23</subfield>
  </datafield>
  <datafield tag="852" ind1=" " ind2=" ">
   <subfield code="a">INST</subfield>
   <subfield code="b">UNIPILB</subfield>
   <subfield code="c">SERIALS</subfield>
   <subfield code="e">20140307</subfield>
   <subfield code="h">Αλφαβητική σειρά</subfield>
   <subfield code="p">82285</subfield>
   <subfield code="q">82285</subfield>
   <subfield code="t">NOLOAN</subfield>
   <subfield code="v">vol.68;no.2:(Μήνες)Mar.-Apr.;(Έτος)2013</subfield>
   <subfield code="y">23</subfield>
  </datafield>
  <datafield tag="852" ind1=" " ind2=" ">
   <subfield code="a">INST</subfield>
   <subfield code="b">UNIPILB</subfield>
   <subfield code="c">SERIALS</subfield>
   <subfield code="e">20140515</subfield>
   <subfield code="h">Αλφαβητική σειρά</subfield>
   <subfield code="p">83154</subfield>
   <subfield code="q">83154</subfield>
   <subfield code="t">NOLOAN</subfield>
   <subfield code="v">vol.68 POLEN:(Μήνας)March;(Έτος)2013</subfield>
   <subfield code="y">23</subfield>
  </datafield>
  <datafield tag="856" ind1="4" ind2="1">
   <subfield code="u">http://www.dgap.org/english/indexe.htm</subfield>
  </datafield>
  <datafield tag="900" ind1=" " ind2=" ">
   <subfield code="a">Vol. 69 no. 2 (Mar.-Apr. 2014)</subfield>
   <subfield code="b">Οφειλόμενο</subfield>
   <subfield code="c">13/06/2017</subfield>
  </datafield>
  <datafield tag="900" ind1=" " ind2=" ">
   <subfield code="a">Vol. 60 no. 1 (January 2005)</subfield>
   <subfield code="b">Οφειλόμενο</subfield>
   <subfield code="c">20/02/2006</subfield>
  </datafield>
  <datafield tag="900" ind1=" " ind2=" ">
   <subfield code="a">Vol. 60 no. 2 (February 2005)</subfield>
   <subfield code="b">Οφειλόμενο</subfield>
   <subfield code="c">14/09/2007</subfield>
  </datafield>
  <datafield tag="900" ind1=" " ind2=" ">
   <subfield code="a">Vol. 60 no. 3 (March 2005)</subfield>
   <subfield code="b">Οφειλόμενο</subfield>
   <subfield code="c">14/09/2007</subfield>
  </datafield>
  <datafield tag="900" ind1=" " ind2=" ">
   <subfield code="a">Vol. 60 no. 5 (May 2005)</subfield>
   <subfield code="b">Οφειλόμενο</subfield>
   <subfield code="c">14/09/2007</subfield>
  </datafield>
  <datafield tag="900" ind1=" " ind2=" ">
   <subfield code="a">Vol. 60 no. 6 (June 2005)</subfield>
   <subfield code="b">Οφειλόμενο</subfield>
   <subfield code="c">14/09/2007</subfield>
  </datafield>
  <datafield tag="900" ind1=" " ind2=" ">
   <subfield code="a">Vol. 60 no. 7 (July 2005)</subfield>
   <subfield code="b">Οφειλόμενο</subfield>
   <subfield code="c">14/09/2007</subfield>
  </datafield>
  <datafield tag="900" ind1=" " ind2=" ">
   <subfield code="a">Vol. 67 no. 5 (Sep.-Oct. 2012)</subfield>
   <subfield code="b">Οφειλόμενο</subfield>
   <subfield code="c">17/06/2013</subfield>
  </datafield>
  <datafield tag="900" ind1=" " ind2=" ">
   <subfield code="a">Vol. 69 no. 1 (Jan.-Feb. 2014)</subfield>
   <subfield code="b">Οφειλόμενο</subfield>
   <subfield code="c">13/06/2017</subfield>
  </datafield>
  <datafield tag="950" ind1=" " ind2=" ">
   <subfield code="a">01/01/2003</subfield>
   <subfield code="c">SWETS INFORMATION SERVICES</subfield>
   <subfield code="d">84</subfield>
  </datafield>
  <datafield tag="951" ind1=" " ind2=" ">
   <subfield code="a">Agypten  (Mar.-Apr. 2012)</subfield>
   <subfield code="b">Supplements</subfield>
  </datafield>
  <datafield tag="951" ind1=" " ind2=" ">
   <subfield code="a">Vol. 67 USA (June 2012)</subfield>
   <subfield code="b">Advance Sheets</subfield>
  </datafield>
  <datafield tag="951" ind1=" " ind2=" ">
   <subfield code="a">Vol. 58 no. 1 (January 2003) - Vol. 58 no. 12 (December 2003)</subfield>
   <subfield code="b">Main run</subfield>
  </datafield>
  <datafield tag="951" ind1=" " ind2=" ">
   <subfield code="a">Vol. 59 no. 1 (January 2004) - Vol. 59 no. 11 (November 2004)</subfield>
   <subfield code="b">Main run</subfield>
  </datafield>
  <datafield tag="951" ind1=" " ind2=" ">
   <subfield code="a">Vol. 61 no. 1 (January 2006) - Vol. 61 no. 4 (April 2006)</subfield>
   <subfield code="b">Main run</subfield>
  </datafield>
  <datafield tag="951" ind1=" " ind2=" ">
   <subfield code="a">Vol. 64 no. 1  (January 2009)</subfield>
   <subfield code="b">Main run</subfield>
  </datafield>
  <datafield tag="951" ind1=" " ind2=" ">
   <subfield code="a">Vol. 64 no. 2  (February 2009)</subfield>
   <subfield code="b">Main run</subfield>
  </datafield>
  <datafield tag="951" ind1=" " ind2=" ">
   <subfield code="a">Vol. 64 no. 3  (March 2009)</subfield>
   <subfield code="b">Main run</subfield>
  </datafield>
  <datafield tag="951" ind1=" " ind2=" ">
   <subfield code="a">Vol. 64 no. 4 (April 2009) - Vol. 64 no. 6 (June 2009)</subfield>
   <subfield code="b">Main run</subfield>
  </datafield>
  <datafield tag="951" ind1=" " ind2=" ">
   <subfield code="a">Vol. 64 no. 7/8  (Jul./Aug. 2009)</subfield>
   <subfield code="b">Main run</subfield>
  </datafield>
  <datafield tag="951" ind1=" " ind2=" ">
   <subfield code="a">Vol. 64 no. 9/10  (Sept./Oct. 2009)</subfield>
   <subfield code="b">Main run</subfield>
  </datafield>
  <datafield tag="951" ind1=" " ind2=" ">
   <subfield code="a">Vol. 64 no. 11/12  (Nov./Dec. 2009)</subfield>
   <subfield code="b">Main run</subfield>
  </datafield>
  <datafield tag="951" ind1=" " ind2=" ">
   <subfield code="a">Vol. 65 no. 1 (Jan.-Feb. 2010) - Vol. 65 no. 4 (Jul.-Aug. 2010)</subfield>
   <subfield code="b">Main run</subfield>
  </datafield>
  <datafield tag="951" ind1=" " ind2=" ">
   <subfield code="a">Vol. 65 no. 5  (Sep./Oct. 2010)</subfield>
   <subfield code="b">Main run</subfield>
  </datafield>
  <datafield tag="951" ind1=" " ind2=" ">
   <subfield code="a">Vol. 65 no. 6 (Nov.-Dec. 2010)</subfield>
   <subfield code="b">Main run</subfield>
  </datafield>
  <datafield tag="951" ind1=" " ind2=" ">
   <subfield code="a">Vol. 66 no. 1 (Jan.-Feb. 2011) - Vol. 66 no. 6 (Nov.-Dec. 2011)</subfield>
   <subfield code="b">Main run</subfield>
  </datafield>
  <datafield tag="951" ind1=" " ind2=" ">
   <subfield code="a">Vol. 67 no. 1 (Jan.-Feb. 2012) - Vol. 67 no. 4 (Jul.-Aug. 2012)</subfield>
   <subfield code="b">Main run</subfield>
  </datafield>
  <datafield tag="951" ind1=" " ind2=" ">
   <subfield code="a">Vol. 67 no. 5  ((Sep. 2012 CHINA))</subfield>
   <subfield code="b">Main run</subfield>
  </datafield>
  <datafield tag="951" ind1=" " ind2=" ">
   <subfield code="a">Vol. 67 no. 6 (Nov.-Dec. 2012)</subfield>
   <subfield code="b">Main run</subfield>
  </datafield>
  <datafield tag="951" ind1=" " ind2=" ">
   <subfield code="a">Vol. 67 no. 6  (Nov. 2012 INDONESIEN)</subfield>
   <subfield code="b">Main run</subfield>
  </datafield>
  <datafield tag="951" ind1=" " ind2=" ">
   <subfield code="a">Vol. 68 no. 1 (Jan.-Feb. 2013) - Vol. 68 no. 6 (Nov.-Dec. 2013)</subfield>
   <subfield code="b">Main run</subfield>
  </datafield>
  <datafield tag="951" ind1=" " ind2=" ">
   <subfield code="a">Vol. 68 POLEN (March 2013)</subfield>
   <subfield code="b">Main run</subfield>
  </datafield>
  <datafield tag="951" ind1=" " ind2=" ">
   <subfield code="a">Vol. 68 BRASILIEN (July 2013)</subfield>
   <subfield code="b">Main run</subfield>
  </datafield>
  <datafield tag="951" ind1=" " ind2=" ">
   <subfield code="a">Vol. 68 TURKEI (November 2013)</subfield>
   <subfield code="b">Main run</subfield>
  </datafield>
 </record>
</collection>
